Películas referenciadas en Los Simpson #1 - Estadísticas

Estadísticas generales
  • Esta prueba ha sido intentada 55 veces
  • La puntuación promedio es 13 de 20
Estadísticas de respuestas
Imagen Respuesta % Correcto
E.T., el extraterrestre
92%
La guerra de las galaxias
92%
King Kong
90%
La sirenita
88%
El exorcista
86%
El planeta de los simios
84%
El resplandor
84%
Harry Potter y el misterio del príncipe
80%
Tiburón
78%
Forrest Gump
76%
Titanic
76%
Karate Kid
73%
El padrino
69%
Goldfinger
69%
Indiana Jones y los cazadores del arca perdida
57%
Tiempos violentos
43%
2001: Odisea del espacio
33%
Parque jurásico
33%
Psicosis
33%
Ciudadano Kane
16%
No se encontraron pruebas coincidentes
Distribución de puntuación
Porcentaje de gente con cada puntuación
Porcentaje por número respondido
Historial de tus puntuaciones
No has intentado esta prueba.